Avimārakam. (Record no. 63440)

MARC details
000 -LEADER
fixed length control field 00606cam a22002411 4500
001 - CONTROL NUMBER
control field sa 65003928
003 - CONTROL NUMBER IDENTIFIER
control field DLC
005 - DATE AND TIME OF LATEST TRANSACTION
control field 20260227112126.0
008 - FIXED-LENGTH DATA ELEMENTS--GENERAL INFORMATION
fixed length control field 900214s1962 ii 000 0 sano
010 ## - LIBRARY OF CONGRESS CONTROL NUMBER
LC control number sa 65003928
035 ## - SYSTEM CONTROL NUMBER
System control number (OCoLC)21064375
040 ## - CATALOGING SOURCE
Original cataloging agency DLC
Transcribing agency WaU
Modifying agency DLC
042 ## - AUTHENTICATION CODE
Authentication code premarc
050 00 - LIBRARY OF CONGRESS CALL NUMBER
Classification number PK3791.B4
Item number A93
100 0# - MAIN ENTRY--PERSONAL NAME
Personal name Bhāsa.
245 10 - TITLE STATEMENT
Title Avimārakam.
260 ## - PUBLICATION, DISTRIBUTION, ETC.
Date of publication, distribution, etc. [1962]
300 ## - PHYSICAL DESCRIPTION
Extent 12, 2, 176 p.
Dimensions 19 cm.
440 #0 - SERIES STATEMENT/ADDED ENTRY--TITLE
Title Vidyabhawan Sanskrit granthamala,
Volume/sequential designation 73
500 ## - GENERAL NOTE
General note In Sanskrit; introd. in Hindi.
500 ## - GENERAL NOTE
General note A play.
700 1# - ADDED ENTRY--PERSONAL NAME
Personal name Miśra, Ramacandra,
Dates associated with a name 1911-

No items available.

Powered by Koha